| 000 | 02496nam0a22004451 4500 | ||
|---|---|---|---|
| 001 | v19\rc\1895196 | ||
| 005 | 20260405224146.0 | ||
| 035 | _a(NLR Aleph) 004981933 | ||
| 090 |
_a6194316 _c6194316 |
||
| 100 | _a20080221d1911 u y0rusy50 ca | ||
| 101 | 0 | _arus | |
| 102 | _aRU | ||
| 105 | _aab z 000yb | ||
| 135 | _acrcn 024aaaba | ||
| 200 | 1 |
_aСтолетие открытий в биографиях замечательных мореплавателей и завоевателей XV-XVI века _eсоставлено по проф. Шотту и другим _eс 70 рисунками и картой путешествий _fЭ. Гранстрем |
|
| 205 | _a3-е изд. | ||
| 210 |
_aСанкт-Петербург _cтипо-литография К. Биркенфельда _d[1911] |
||
| 215 |
_a[2], 294 с., [2] л. ил., карт. _cил., портр. _d23 |
||
| 317 |
_aИмеется также в Гос. лит. музее «XX век» в мемориальной б-ке М. М. Зощенко © СПбГБУК «Государственный литературный музей «XX век» _5ГЛМ «XX век» |
||
| 325 | _aЭлектронная копия издания представлена фрагментарно из фонда Государственного литературного музея «ХХ век» | ||
| 606 | 1 |
_aМореплаватели _z15 - 16 вв. _92588075 _3RU\NLR\AUTH\6601739652 |
|
| 606 | 1 |
_aМорские путешествия _91039814 _3RU\NLR\AUTH\6682304 |
|
| 606 | 1 |
_aВсеобщая история _xДеятели _z15 - 16 вв. _92588103 _3RU\NLR\AUTH\6601739666 |
|
| 686 | 3 | _aД8д | |
| 686 | 3 | _aТ3(0)4-8 | |
| 700 | 1 |
_7ca _8rus _aГранстрем _bЭ. А. _cписатель _f1843-1918 _gЭдуард Андреевич _985197 _3RU\NLR\AUTH\77102271 |
|
| 702 | 1 |
_4100 _7ca _8rus _aШотт _bП. Г. _f1866-1961 _gПауль Герхард _9267853 _3RU\NLR\AUTH\770267909 |
|
| 801 | 0 |
_aRU _bNLR _gpsbo |
|
| 801 | 1 |
_aRU _bProSoft-M _2rusmarc |
|
| 852 |
_aNLR _jГ02 Б-5/11 |
||
| 856 | 0 | _uhttps://vivaldi.nlr.ru/ob000000409/view | |
| 856 | 1 | _uhttps://vivaldi.nlr.ru/ob000000409/cover | |
| 856 | 2 | _uhttps://vivaldi.nlr.ru/ob000000409/text | |
| 899 |
_aГЛМ «XX век» _y(Зощенко) |
||
| 942 | _cBOOK | ||
| 980 | _aNB | ||
| 981 | 4 | 7 | _a(47) Личная библиотека М.М. Зощенко |